| 000 | 00624nam a22001937a 4500 | ||
|---|---|---|---|
| 003 | OSt | ||
| 005 | 20230126124534.0 | ||
| 008 | 220916b |||||||| |||| 00| 0 eng d | ||
| 040 | _cBiblioteca Lado V | ||
| 082 |
_a765.5 _bS194x |
||
| 100 |
_9543 _aSanchez, Osvaldo _etexto |
||
| 245 |
_aXawery Wolski/ _bTattoo/ |
||
| 260 |
_aMexico _bFundación Bancomer _c2002 |
||
| 300 |
_a80p. _c23x32cm |
||
| 650 |
_2Tesauro de Arte & Arquitectura _aPERFORACION EN PAPEL |
||
| 650 |
_2Tesauro de Arte & Arquitectura _aGRABADO |
||
| 650 |
_2Tesauro de Arte & Arquitectura _aARTE |
||
| 942 |
_2ddc _c1 _h765.5 _iS194x _n0 |
||
| 999 |
_c2916 _d2916 |
||